000 00628cam a22001931 4500
082 _a537
_bDAU
_cL-11, P-6
100 1 _aDaunt, John Gilbert,
_940032
245 1 0 _aElectrons in action
_c[by] J. G. Daunt ... Line drawings by Griselda Allen.
260 _a[London,
_bSigma Books limited,
_c1946]
300 _a151 p.
_billus., VIII pl. on 4 l.
_c19 cm.
490 0 _aSigma introduction to science 4
500 _a"First published in 1946."
526 _a0
_b0
_c0
_d537_000000000000000_DAU
650 0 _aElectricity.
_939895
650 0 _aElectronics.
650 0 _aMagnetism.
_939896
650 0 _aMCE
_9379
942 _2ddc
_cBK
999 _c544408
_d544408